01392nam a2200337 a 4500001001000000003000500010005001700015008004100032010001100073011001100084040000900095090001000104100004400114245014900158260004100307500006000348502013000408590004100538590004000579590004000619650003200659650005500691650004200746650004000788856007000828901000700898942001000905942000600915999001900921952011400940000115756CHAP20220329144547.0190702s2019 mx a |sm |||||||spa d a112217 a113189 cCHAP aTesis1 aHernández Mendoza, Natividad.913636010aAnálisis comparativo de los mecanismos de administración del riesgo agrícola en Méxicoh[En línea]cpor Natividad Hernández Mendoza. aChapingo, Méx. :bEl autor,c2019. aPara ver el contenido del material haga clic en la liga aTesis (M.C. en Economía Agrícola y de los Recursos Naturales) -- UACH. División de Ciencias Económico-administrativas aBATCH-UPDb05c20190702lUCH01h1154 aE6339RRRb05c20190702lUCH01h1154 aE6339RRRb05c20190702lUCH01h115514aAgriculturaxRiesgos.9178514aDesastres naturalesxMedidas de seguridad.912611714aSeguros agrícolaxMéxico.910373414aSeguros agrícolasxLeyes.9103735 aFinding aiduhttp://10.13.5.2/tesis/sist115756.pdfzTeclea aquí aBK cTESIS n0 c112217d112217 00102local40718TESISaBCbBCd2019-07-02fTESISl0oTesisp115766-10r2019-12-31 00:00:00w2019-07-02yCD